| 000 | 00614nam a22001937a 4500 | ||
|---|---|---|---|
| 003 | OSt | ||
| 005 | 20180116183059.0 | ||
| 008 | 161124b xxu||||| |||| 00| 0 eng d | ||
| 020 | _a9695190596 | ||
| 040 | _c0 | ||
| 082 | _a297.40954 RIZ 2004 | ||
| 100 | _aRizvi,Saiyid Athar Abbas | ||
| 245 |
_aA History Of Sufism In India : _bEarly Sufism and its History in India to AD 1600 _cSaiyid Athar Abbas Rizvi |
||
| 260 |
_aLahore _bSuhail Academy _c2004 |
||
| 300 |
_a467p. _bHB. |
||
| 440 |
_aA History Of Sufism In India :Early Sufism and its History in India to AD 1600 _vI |
||
| 500 | _aHB. | ||
| 942 |
_2ddc _cBK |
||
| 999 |
_c351938 _d351938 |
||